Statistics for Pokemon Multiple Choice - Bug type

Click here to take the quiz!

General Stats

  • This quiz has been taken 15 times
  • The average score is 6 of 10

Answer Stats

QuestionAnswer% Correct
Has a gigantamax formButterfree
92%
Can mega evolveHeracross
92%
Not weak to FlyingVikavolt
92%
The highest HPHeracross
67%
Can learn Signal Beam via level upVolbeat
67%
The lightestVolbeat
58%
The shortestVolbeat
58%
Unobtainable in Pokemon Sword/ShieldVolbeat
50%
Can have the hidden ability Speed BoostWhirlipede
50%
The heaviestWhirlipede
17%

Score Distribution

Percentile by Number Answered

Percent of People with Each Score

Your Score History

You have not taken this quiz